000 00848nac a22002897a 4500
001 BR0804239
003 BR-BrBNA
005 20240105123609.0
008 230509b bl.|||m| |||| 00| 0 por d
040 _aBR-BrBNA
_bpor
_cBiblioteca Nacional de Agricultura
072 _aH20
090 _a0336 BR0804239
110 1 _aEMBRAPA Trigo, Passo Fundo, RS (Brasil)
_93754
245 1 _aManchas foliares mais comuns em soja
260 3 _aPasso Fundo, RS (Brasil):
_c2003.
300 _a19 p.
490 _aCircular Técnica - EMBRAPA Trigo (Brazil)
_vno. 12
_xISSN 1516-571X
500 _a20 illus.; 6 ref.
650 _aSAFRA
650 _aDOENÇA DE PLANTA
650 _aMANCHA FOLIAR
650 _aFERRUGEM
650 _aFUNGO
650 _aANÁLISE FOLIAR
909 _a202312
_bLúcia Elande
_c55
_dLúcia Elande
942 _2AGRIS
_n0
_cMS
999 _c296156
_d296156